<?xml version="1.0" encoding="UTF-8"?>
<collection xmlns="http://www.loc.gov/MARC21/slim">
 <record>
  <leader>01325nam a2200181Ia 4500</leader>
  <controlfield tag="001">CTU_16541</controlfield>
  <controlfield tag="008">210402s9999    xx            000 0 und d</controlfield>
  <datafield tag="082" ind1=" " ind2=" ">
   <subfield code="a">064</subfield>
  </datafield>
  <datafield tag="082" ind1=" " ind2=" ">
   <subfield code="b">I.59/No.5</subfield>
  </datafield>
  <datafield tag="100" ind1=" " ind2=" ">
   <subfield code="a">AUPELF-UREF</subfield>
  </datafield>
  <datafield tag="245" ind1=" " ind2="0">
   <subfield code="a">ITC - Phnom-Penh - 23-25 Janvier 1996, VIèmes Journées Internationales de Technologie - Table ronde No.5: 1) Les liens provisoires Universités et Entreprises. 2) La multidisciplinarité, base du croisement des réseaux et source d'innovation dans un contexte international de développement. 3) L'Ecole Polytechnique de Yaoundé développe des produits et génère des ingénieurs entrepreneurs. 4) L'Ecole des Mines d'Alès, un élément d'appui essentiel et permanent pour le developpement local et régional. 5) Quel rôle pour les Ecoles d'ingénieur dans les pays en developpement? - Réflexions à partir de l'exemple tunisien. 6) Réseau d'Ecoles et appui technologique aux PME/PMI - Extension internationale. 7) Soutiens aux PME/PMI et génération d'entrepreneurs dans le cadre de l'économie de marché en Algérie</subfield>
  </datafield>
  <datafield tag="245" ind1=" " ind2="0">
   <subfield code="c">AUPELF-UREF</subfield>
  </datafield>
  <datafield tag="260" ind1=" " ind2=" ">
   <subfield code="a">Phnom-Penh</subfield>
  </datafield>
  <datafield tag="260" ind1=" " ind2=" ">
   <subfield code="b">Institut de Technologie du Cambodge</subfield>
  </datafield>
  <datafield tag="260" ind1=" " ind2=" ">
   <subfield code="c">1996</subfield>
  </datafield>
  <datafield tag="650" ind1=" " ind2=" ">
   <subfield code="a">organizations, education</subfield>
  </datafield>
  <datafield tag="904" ind1=" " ind2=" ">
   <subfield code="i">Minh, 970524</subfield>
  </datafield>
  <datafield tag="980" ind1=" " ind2=" ">
   <subfield code="a">Trung tâm Học liệu Trường Đại học Cần Thơ</subfield>
  </datafield>
 </record>
</collection>
